| 000 | 01029nam a2200325 i 4500 | ||
|---|---|---|---|
| 001 | 1819 | ||
| 003 | KOSZ 005 | ||
| 005 | 20240405063027.0 | ||
| 008 | 950505s1979 pl f 001 0 pol | ||
| 020 | _a8321329217 | ||
| 040 |
_cKOSZ 005 _aKOSZ 005 _dKOSZ 005/HR |
||
| 041 | _apol | ||
| 046 | _k1979 | ||
| 080 | _a72(438) | ||
| 100 | 1 |
_aSzafer, Przemysław Tadeusz _d(1920-2017) _eAutor |
|
| 245 | 0 |
_aNowa architektura polska : _bdiariusz lat 1971-1975 / _cT. Przemysław Szafer. |
|
| 260 |
_aWarszawa : _b"Arkady", _c1979. |
||
| 300 |
_a371, [5] : _bil. ; _c30 cm. |
||
| 380 | _aKsiążki | ||
| 388 | _a1901-2000 | ||
| 388 | _a1945-1989 | ||
| 504 | _aBibliogr. przy rozdz. Indeks. | ||
| 648 | 7 | _a1901-2000 | |
| 648 | 7 | _a1945-1989 | |
| 655 | 7 | _aArchitektura polska | |
| 658 | _aArchitektura i budownictwo | ||
| 710 | 2 |
_aWydawnictwo Arkady _4pbl. |
|
| 856 |
_uhttp://koha.tu.koszalin.pl/cgi-bin/koha/opac-detail.pl?biblionumber=18319 _yKatalog online BPK |
||
| 942 |
_cKS _2UKD |
||
| 999 |
_c18319 _d18319 |
||